LEADER 01314nam a2200265 4500 001 000000363808 003 CaOOAMICUS 005 20250805113343.0 008 250805s2024 xxua 000 u eng r 020 $a978-1-64585-417-3$c(hb) 020 $a978-1-64585-418-0$c(pb) 040 $aSeMil$bita 100 1 $aGagliardi, Mauro,$d<1975- >.$0(OLS)http://semarc/name/55648 240 10$aRivelazione, ermeneutica e sviluppo dottrinale in Joseph Ratzinger :$bun contributo indiretto alla sinodalità.$0(OLS)http://semarc/title/455123 245 10$aRevelation, hermeneutics, and doctrinal development in Joseph Ratzinger /$cMauro Gagliardi. 264 1$aSteubenville (Ohio) :$bEmmaus Road,$c2024. 300 $axix, 176 p. ;$c24 cm 600 14$aRatzinger, Joseph .$0(OLS)http://semarc/subject/778 850 $aSeMil 852 $aSeMil$W1$xVenegono$y1$m2A V 52$j260457$B254665$CSeMilBibl$Z2$F254665 $81 996 $6020$a978-1-64585-417-3$c(hb)$9(OLS)http://semarc/number/303815 996 $6020$a978-1-64585-418-0$c(pb)$9(OLS)http://semarc/number/303816 996 $6245$aRevelation, hermeneutics, and doctrinal development in Joseph Ratzinger$9(OLS)http://semarc/title/455122 996 $6264$aSteubenville (Ohio) :$bEmmaus Road$9(OLS)http://semarc/publisher/57955 LEADER 01022nam a2200253 i 4500 001 000000110947 003 CaOOAMICUS 005 20160111000000.0 008 160111s1992 it u000 u ita u 013 $a83628 020 $a88-7023-166-6 040 $aSeMil$bita 100 1 $aMigliavacca, Luciano,$d<1919-2013>.$0(OLS)http://semarc/name/46495 245 13$aLa Cappella musicale del Duomo di Milano /$cLuciano Migliavacca. 260 $aMilan :$bNED,$ccopyr. 1992. 300 $a83 p., [4] p. di tav. ;$c18 cm. 500 $aContiene : Bibliografia. 650 4$aMilano - Duomo - Cappella musicale - Storia.$0(OLS)http://semarc/subject/11087 850 $aSeMil 852 $aSeMil$W1$xVenegono$y1$m3Q I 106$j66795$B66795$CSeMilBibl$Z2$F73544 $81 961 $aOmaggio: Colombo don Alberto 996 $6020$a88-7023-166-6$9(OLS)http://semarc/number/92927 996 $6245$aLa Cappella musicale del Duomo di Milano$9(OLS)http://semarc/title/161351 996 $6260$aMilan :$bNED$9(OLS)http://semarc/publisher/40715